000 01089nac a22002897a 4500
001 BR8000461
003 BR-BrBNA
005 20240105114618.0
008 230509b bl.|||m| |||| 00| 0 por d
040 _aBR-BrBNA
_bpor
_cBiblioteca Nacional de Agricultura
072 _aH10
090 _a0336 BR8000461
100 1 _aGomez, S.A.
100 1 _aDegaspari, N.
110 1 _aUnidade de Execucao de Pesquisa de Ambito Estadual de Dourados, MS (Brasil)
245 1 _aManejo de pragas na cultura da soja na regiao da Grande Dourados-MS [Glycine max; Mato Grosso do Sul; Brasil]
246 1 _a[Pests treatment in soybean crop in the Grande Dourados area-MS [Glycine max; Mato Grosso do Sul; Brazil]]
260 3 _aDourados, MS (Brasil):
_cNov 1979.
300 _a21 p.
490 _aBoletim de Pesquisa - Unidade de Execucao de Pesquisa de Ambito Estadual de Dourados (Brazil)
_vno. 1
_x
500 _a14 ref.; Summary (Pt)
650 _aPraga de planta
650 _aSoja
650 _aMato Grosso
909 _a202312
_bLúcia Elande
_c55
_dLúcia Elande
942 _2AGRIS
_n0
_cMS
999 _c270341
_d270341